Nature conservation in the new Economy/ (Record no. 191889)

MARC details
000 -LEADER
fixed length control field 00588nam a22001817a 4500
005 - DATE AND TIME OF LATEST TRANSACTION
control field 20220906161247.0
010 ## - LCCN (DPL NO)
LC control number ENG-134905
020 ## - INTERNATIONAL STANDARD BOOK NUMBER
Terms of availability 400.00
International Standard Book Number 978-93-5287-613-6
035 ## - SYSTEM CONTROL NUMBER
System control number EN-118437
037 ## - SOURCE OF ACQUISITION
Source of stock number/acquisition DBAD/PUB
082 ## - DEWEY DECIMAL CLASSIFICATION NUMBER
Classification number 333.954
245 ## - TITLE STATEMENT
Title Nature conservation in the new Economy/
Statement of responsibility, etc edited by Ghazala Shahabuddin and K. Sivaramakrishnan
260 ## - PUBLICATION, DISTRIBUTION, ETC. (IMPRINT)
Date of publication, distribution, etc 2019
Name of publisher, distributor, etc Orient Blackswan Private Ltd.
Place of publication, distribution, etc Hyderabad
270 ## - ADDRESS
Address 3-6-752 Himayatnagar
City Hyderabad
Postal code 500029
300 ## - PHYSICAL DESCRIPTION
Extent 291p.
Dimensions 21cm(hb)
700 ## - ADDED ENTRY--PERSONAL NAME
Personal name Ghazala Shahabuddin
942 ## - ADDED ENTRY ELEMENTS (KOHA)
Source of classification or shelving scheme Dewey Decimal Classification
Item type English Books
Classification part 333.954
Call number suffix NAT
Holdings
Withdrawn status Lost status Not for loan Collection code Home library Current library Date acquired Source of acquisition Cost, normal purchase price Full call number Barcode Copy number Cost, replacement price Koha item type
      Non-fiction Ashok Vihar Ashok Vihar 06/09/2022 DBAD/PUB 400.00 333.954 NAT EN-118437 1 400.00 English Books

© Delhi Public Library
Hit Counter
free hit counter